Loading...
Materia Medica for nurses: a textbook of drugs and therapeutics
| Main Authors: | , |
|---|---|
| Format: | Printed Book |
| Udgivet: |
London, Edward Arnold
1976
|
| Udgivelse: | Ed.8 |
| Fag: |
| LEADER | 005230000a22001810004500 | ||
|---|---|---|---|
| 082 | |a 615.1 L6 | ||
| 100 | |a Sears, W Gordon | ||
| 100 | |a Winwood, R S | ||
| 245 | |a Materia Medica for nurses: a textbook of drugs and therapeutics | ||
| 250 | |a Ed.8 | ||
| 260 | |a London, Edward Arnold | ||
| 260 | |c 1976 | ||
| 650 | |a Nursing | ||
| 650 | |a Study | ||
| 650 | |a Teaching | ||
| 942 | |c BK | ||
| 999 | |c 4178 |d 4178 | ||
| 952 | |0 0 |1 0 |4 0 |6 615_100000000000000_L6 |7 0 |8 ENG |9 3970 |a MGUL |b MGUL |d 2013-07-16 |l 0 |o 615.1 L6 |p 16278 |r 2013-07-16 |w 2013-07-16 |y BK | ||